[Event "Heusenstamm Schloss op"]
[Site "Heusenstamm"]
[Date "2022.11.20"]
[Round "7"]
[White "Koholka, Jan"]
[Black "Marchese, Andrea"]
[Result "0-1"]
[WhiteElo "1750"]
[BlackElo "1869"]
[PlyCount "88"]
[EventDate "2022.11.17"]
[EventType "swiss"]
[EventRounds "7"]
[EventCountry "GER"]
[SourceTitle "CBM 212 Extra"]
[Source "ChessBase"]
[SourceDate "2023.03.31"]
[SourceVersion "1"]
[SourceVersionDate "2023.03.31"]
[SourceQuality "1"]

1. e4 c6 2. d4 d5 3. exd5 cxd5 4. Nf3 Nc6 5. c3 Nf6 6. Bd3 g6 7. h3 Bg7 8. Qc2 0-0 9. Bf4 Nh5 10. Bh2 e5 11. dxe5 Nxe5 12. Nxe5 Bxe5 13. Bxe5 Re8 14. Nd2 Rxe5+ 15. Kd1 Qg5 16. g4 Bxg4+ 17. hxg4 Qxg4+ 18. Kc1 Qg2 19. Rf1 Nf4 20. Nb3 Rae8 21. Rd1 h5 22. a3 h4 23. Kb1 Nxd3 24. Qxd3 Re2 25. Nd4 Rxf2 26. Qb5 Re3 27. Rc1 Rd3 28. Ka2 Rdd2 29. Rab1 b6 30. a4 h3 31. Ka3 h2 32. Nc6 Rc2 33. Rxc2 Rxc2 34. Qf1 Qg5 35. Qe1 Kf8 36. Qf1 Rg2 37. Qh1 Kg7 38. Ka2 Qd2 39. Ne5 Qc2 40. Ka3 Qxb1 41. Qxb1 Rg1 42. Qd3 h1Q 43. Qd4 Ra1+ 44. Kb3 Qd1+ 0-1

[Event "Heusenstamm Sparkassen op-A 4th"]
[Site "Heusenstamm"]
[Date "2017.11.26"]
[Round "6"]
[White "Marchese, Andrea"]
[Black "Weiss, Matthias"]
[Result "0-1"]
[WhiteElo "1861"]
[BlackElo "2063"]
[PlyCount "108"]
[EventDate "2017.11.23"]
[EventType "swiss"]
[EventRounds "7"]
[EventCountry "GER"]
[SourceTitle "EXT 2019"]
[Source "ChessBase"]
[SourceDate "2018.10.10"]
[SourceVersion "1"]
[SourceVersionDate "2018.10.10"]
[SourceQuality "1"]

1. d4 Nf6 2. c4 c5 3. d5 b5 4. cxb5 a6 5. b6 Qxb6 6. Nc3 Bb7 7. e4 e6 8. Bc4 Nxe4 9. Nxe4 Qb4+ 10. Nd2 exd5 11. a3 Qb6 12. Qe2+ Be7 13. Bd3 Nc6 14. Ngf3 0-0 15. 0-0 Bf6 16. Re1 c4 17. Bc2 g6 18. Rb1 Rfe8 19. Qd1 Qc5 20. Rxe8+ Rxe8 21. Nf1 d4 22. Ng3 d3 23. Bxd3 cxd3 24. Qxd3 Nd4 25. Be3 Nxf3+ 26. gxf3 Qe7 27. Ne4 Bxe4 28. Qxe4 Qxe4 29. fxe4 Rxe4 30. b4 Bd4 31. Bxd4 Rxd4 32. a4 Rd6 33. Kg2 Kf8 34. Kf3 Ke7 35. Re1+ Kd8 36. Re4 Rf6+ 37. Ke3 Re6 38. Kd4 Rxe4+ 39. Kxe4 Kc7 40. Kd5 g5 41. b5 axb5 42. axb5 g4 43. b6+ Kxb6 44. Kd6 Kb5 45. Kxd7 Kc4 46. Ke7 Kd4 47. Kf6 Ke4 48. Kg5 f5 49. Kf6 f4 50. Kg5 Kf3 51. Kf5 h6 52. Ke5 h5 53. Kf5 h4 54. Kg5 g3 0-1

[Event "Heusenstamm Sparkassen op-A 4th"]
[Site "Heusenstamm"]
[Date "2017.11.24"]
[Round "3"]
[White "Solonar, Stefan"]
[Black "Marchese, Andrea"]
[Result "1/2-1/2"]
[WhiteElo "2315"]
[BlackElo "1861"]
[PlyCount "111"]
[EventDate "2017.11.23"]
[EventType "swiss"]
[EventRounds "7"]
[EventCountry "GER"]
[SourceTitle "EXT 2019"]
[Source "ChessBase"]
[SourceDate "2018.10.10"]
[SourceVersion "1"]
[SourceVersionDate "2018.10.10"]
[SourceQuality "1"]

1. c4 Nf6 2. Nc3 c5 3. Nf3 Nc6 4. d4 cxd4 5. Nxd4 d6 6. e4 g6 7. Be2 Bg7 8. Be3 0-0 9. 0-0 Ne8 10. Nb3 f5 11. exf5 gxf5 12. Qd2 Nf6 13. Bh6 Rf7 14. Bg5 Qf8 15. Rad1 Be6 16. Qe3 Bc8 17. c5 e5 18. Bc4 d5 19. Nxd5 Ng4 20. Qe2 Kh8 21. h3 Nh6 22. Nb4 Rd7 23. Nxc6 bxc6 24. Rxd7 Bxd7 25. Rd1 Be8 26. Bxh6 Bxh6 27. Qxe5+ Bg7 28. Qe6 Bh5 29. f3 Re8 30. Qd6 Re7 31. Qxc6 Be5 32. Be6 Qf6 33. Rd8+ Kg7 34. Rg8+ Kh6 35. Bd5 Qxc6 36. Bxc6 Bf7 37. Rd8 Bg3 38. Bb5 Re1+ 39. Bf1 Bc4 40. Nd2 Bxa2 41. Rd4 Rd1 42. f4 Bf7 43. c6 Rc1 44. Rd6+ Kg7 45. Rd7 Bxf4 46. Kf2 Rxc6 47. Bc4 Rc7 48. Rxf7+ Rxf7 49. Bxf7 Kxf7 50. Nc4 Bc7 51. Ke3 Ke6 52. Kd4 Bh2 53. g4 Kf6 54. Ke3 fxg4 55. hxg4 Kg5 56. Kf3 1/2-1/2

[Event "Karl Mala Memorial op-A 17th"]
[Site "Frankfurt"]
[Date "2014.08.03"]
[Round "7"]
[White "Hornung, Thomas"]
[Black "Marchese, Andrea"]
[Result "1-0"]
[WhiteElo "2020"]
[BlackElo "1825"]
[PlyCount "63"]
[EventDate "2014.07.31"]
[EventType "swiss"]
[EventRounds "7"]
[EventCountry "GER"]
[SourceTitle "EXT 2015"]
[Source "ChessBase"]
[SourceDate "2014.11.20"]
[SourceVersion "1"]
[SourceVersionDate "2014.11.20"]
[SourceQuality "1"]

1. d4 d5 2. c4 e6 3. Nf3 Nf6 4. Bg5 Be7 5. Nc3 c6 6. e3 Nbd7 7. Rc1 dxc4 8. Bxc4 b5 9. Bd3 Bb7 10. 0-0 a6 11. Bxf6 gxf6 12. Ne4 Qb6 13. Qc2 Rc8 14. Nc5 Bxc5 15. dxc5 Qc7 16. Nd2 Ke7 17. Ne4 Rcg8 18. b4 Ne5 19. Be2 f5 20. Nd6 h5 21. Rcd1 f6 22. Qc3 Rh6 23. f4 Nf7 24. Rd2 Kf8 25. Rfd1 Nxd6 26. Rxd6 Ke7 27. Bf3 Bc8 28. Qd4 Rhg6 29. Rd2 Kf8 30. Rd8+ Kg7 31. Rxg8+ Kxg8 32. Qd8+ 1-0

[Event "Karl Mala Memorial op-A 17th"]
[Site "Frankfurt"]
[Date "2014.08.02"]
[Round "5"]
[White "Koch, Norbert"]
[Black "Marchese, Andrea"]
[Result "0-1"]
[WhiteElo "1576"]
[BlackElo "1825"]
[PlyCount "90"]
[EventDate "2014.07.31"]
[EventType "swiss"]
[EventRounds "7"]
[EventCountry "GER"]
[SourceTitle "EXT 2015"]
[Source "ChessBase"]
[SourceDate "2014.11.20"]
[SourceVersion "1"]
[SourceVersionDate "2014.11.20"]
[SourceQuality "1"]

1. e4 c6 2. Nc3 e6 3. d4 d5 4. Nf3 dxe4 5. Nxe4 Be7 6. Bd3 Nf6 7. 0-0 Nbd7 8. Re1 Nxe4 9. Bxe4 Nf6 10. Bd3 a6 11. c3 b5 12. Qc2 Bb7 13. Ne5 c5 14. dxc5 Bxc5 15. Be3 Qd5 16. Nf3 Bxe3 17. Rxe3 Ng4 18. Re2 Nf6 19. Ne1 Rd8 20. f3 0-0 21. a4 Qc6 22. axb5 axb5 23. Qb3 Rd5 24. c4 bxc4 25. Qxc4 Qb6+ 26. Kf1 Rc8 27. Qf4 Rcd8 28. Qe3 Qd6 29. Rc2 Qxh2 30. Ra7 Re5 31. Qd2 Bd5 32. Qb4 g6 33. Be2 Nh5 34. Rac7 Ng3+ 35. Kf2 Rxe2+ 36. Rxe2 Nxe2 37. Qe7 Rf8 38. Kxe2 Qe5+ 39. Kf2 Qxb2+ 40. Rc2 Qd4+ 41. Kg3 Kg7 42. Qc7 Ra8 43. Rc1 Ra2 44. Nc2 Qb2 45. Ne3 Qf2+ 0-1